François Ploux, Guerres paysannes en Quercy : Violences, conciliations et répression pénale dans les campagnes du Lot (1810-1860), préface d’Alain Corbin, Paris, La Boutique de l’Histoire, 2002, 376 p., 20 €. (notice n° 1628336)

détails MARC
000 -LEADER
fixed length control field 01713cam a2200169 4500500
005 - DATE AND TIME OF LATEST TRANSACTION
control field 20260111094217.0
041 ## - LANGUAGE CODE
Language code of text/sound track or separate title fre
042 ## - AUTHENTICATION CODE
Authentication code dc
100 10 - MAIN ENTRY--PERSONAL NAME
Personal name Lenhof, Jean-Louis
Relator term author
245 00 - TITLE STATEMENT
Title François Ploux, Guerres paysannes en Quercy : Violences, conciliations et répression pénale dans les campagnes du Lot (1810-1860), préface d’Alain Corbin, Paris, La Boutique de l’Histoire, 2002, 376 p., 20 €.
260 ## - PUBLICATION, DISTRIBUTION, ETC.
Date of publication, distribution, etc. 2002.<br/>
500 ## - GENERAL NOTE
General note 51
520 ## - SUMMARY, ETC.
Summary, etc. Résumé Du xvi e au xviii e siècle, la petite communauté rurale du Gavre, au nord de Nantes, tente de conserver les modestes privilèges conférés par les ducs de Bretagne au xiii e siècle. Disposant de titres émanant directement des souverains et d’archives nombreuses, elle le fait presque uniquement par la voie légale et judiciaire, s’engageant dans de nombreuses et longues procédures. Elle ne peut pourtant pas empêcher leur réduction progressive, particulièrement sensible au xviii e siècle.
520 ## - SUMMARY, ETC.
Summary, etc. From the 16th to the 18th centuries, the small rural community of Gavre, north of Nantes, tried to retain a few privilegies which it had been granted by the Dukes of Brittany in the 13th century. Because the titles it held came directly from the sovereign power, and were buttressed by extensive archival records, it chose to do so almost entirely through litigation. However, it could not prevent the gradual curtailing of these privileges, a process which accelerated in the 18th century
786 0# - DATA SOURCE ENTRY
Note Histoire & Sociétés Rurales | 18 | 2 | 2002-10-01 | p. 191t-242t | 1254-728X
856 41 - ELECTRONIC LOCATION AND ACCESS
Uniform Resource Identifier <a href="https://shs.cairn.info/revue-histoire-et-societes-rurales-2002-2-page-191t?lang=fr&redirect-ssocas=7080">https://shs.cairn.info/revue-histoire-et-societes-rurales-2002-2-page-191t?lang=fr&redirect-ssocas=7080</a>

Pas d'exemplaire disponible.

PLUDOC

PLUDOC est la plateforme unique et centralisée de gestion des bibliothèques physiques et numériques de Guinée administré par le CEDUST. Elle est la plus grande base de données de ressources documentaires pour les Étudiants, Enseignants chercheurs et Chercheurs de Guinée.

Adresse

627 919 101/664 919 101

25 boulevard du commerce
Kaloum, Conakry, Guinée

Réseaux sociaux

Powered by Netsen Group @ 2025